000 00731nam a22002417a 4500
999 _c9341
_d9341
003 AR-CdUCM
008 190327b ||||| |||| 00| 0 spa d
040 _aMUNICIPALIDAD PROVINCIAL DEL CUSCO
_cBIBLIOTECA MUNICIPAL DEL CUSCO
082 _a980.004 /
_bV21
100 _aValenzuela, Luisa
_925472
245 _aLos hereticos /
260 _aBuenos Aires :
_bPaidos,
_c1967.
300 _a158 paginas
_c18 cm.
440 _aLetras Argentinas Paidos
_n9
_925473
500 _aDonación de la familia Nieto Dedicatoria a Luis Nieto
505 _aContenido: Cuentos cortos
650 _aCuentos
_9217
650 _aLiteratura
_983
650 _aHistoria
_9136
650 _aArgentina
_9511
942 _2ddc
_cLIBROS
945 _apjha